Felipe II y Alcalá de Henares (Record no. 175739)

MARC details
000 -LEADER
campo de control de longitud fija 01075nam a2200241 4500
001 - NÚMERO DE CONTROL
campo de control 175739
003 - IDENTIFICADOR DE NÚMERO DE CONTROL
campo de control ES-MaACL
005 - FECHA Y HORA DE LA ÚLTIMA TRANSACCIÓN
campo de control 20250822003604.0
008 - DATOS DE LONGITUD FIJA--INFORMACIÓN GENERAL
campo de control de longitud fija 101118s1999 sp af |||| |dspa d
080 ## - NÚMERO DE LA CLASIFICACIÓN DECIMAL UNIVERSAL
Número de la Clasificación Decimal Universal 929 Felipe (460) II (064.3)
245 00 - MENCIÓN DEL TÍTULO
Título Felipe II y Alcalá de Henares
Resto del título : exposición organizada por el Servicio Municipal de Archivos y Bibliotecas de[l] Excmo. Ayuntamiento de Alcalá de Henares : del 26 de enero al 27 de febrero de 1999 /
Mención de responsabilidad, etc. [curaduría de la exposición, José-Mª Nogales Herrera].
260 ## - PUBLICACIÓN, DISTRIBUCIÓN, ETC.
Lugar de publicación, distribución, etc. Alcalá de Henares :
Nombre del editor, distribuidor, etc. Ayuntamiento,
Fecha de publicación, distribución, etc. [1999]
300 ## - DESCRIPCIÓN FÍSICA
Extensión 29 p., [1] h. de lám. col. :
Otras características físicas il. col. ;
Dimensiones 21 cm.
500 ## - NOTA GENERAL
Nota general Genealogía: p. 17.
504 ## - NOTA DE BIBLIOGRAFÍA, ETC.
Nota de bibliografía, etc. Bibliografía.
600 04 - PUNTO DE ACCESO ADICIONAL DE MATERIA--NOMBRE DE PERSONA
Nombre de persona Felipe
Numeración II,
Títulos y otros términos asociados al nombre Rey de España-
Subdivisión de forma Exposiciones
9 (RLIN) 49178
655 #7 - TERMINO DE INDIZACIÓN--GENERO/FORMA
Fuente del término tgfbne
9 (RLIN) 193628
Datos o término principal de género/forma Catálogos de exposiciones
700 1# - ENTRADA AGREGADA--NOMBRE PERSONAL
Nombre de persona Nogales Herrera, José María,
Fechas asociadas al nombre 1957-
9 (RLIN) 143808
710 1# - ENTRADA AGREGADA--NOMBRE DE ENTIDAD CORPORATIVA
Nombre de entidad corporativa o nombre de jurisdicción como elemento de entrada Alcalá de Henares.
Unidad subordinada Servicio Municipal de Archivos y Bibliotecas.
9 (RLIN) 1319
852 ## - LOCALIZACIÓN
Ubicación ES-MaACL
Número de control de estantería 2265-F-13
942 ## - ELEMENTOS DE ENTRADA SECUNDARIOS (KOHA)
Fuente del sistema de clasificación o colocación Clasificación decimal universal
Holdings
Estatus retirado Estado de pérdida Estado de daño No para préstamo Colección Biblioteca de origen Biblioteca actual Ubicación en estantería Fecha de adquisición Fuente de adquisición Total de préstamos Signatura topográfica completa Código de barras Visto por última vez Precio de reemplazo Tipo de ítem Koha
        Colección de folletos Biblioteca del Ateneo de Madrid Biblioteca del Ateneo de Madrid Depósito folletos 18/11/2010     2265-F-13 1184544 23/02/2023 23/02/2023 Folleto